Piłkarze Wisły Kraków - nagła śmierć - Statystyki

Ogólne statystyki
  • Ten quiz został rozwiązany 390 razy
    290 od ostatniego zresetowania
  • Średni wynik to 11 z 25
Answers on the Grid
Answers color-coded by a green-red scale on the quiz's grid according to % correct below.
Kazimierz Kmiecik
Marek Motyka
Piotr Skrobowski
Maciej Żurawski
Tomasz Frankowski
Arkadiusz Głowacki
Radosław Sobolewski
Paweł Brożek
Jakub Błaszczykowski
Antoni Szymanowski
Henryk Reyman
Adam Musiał
Leszek Lipka
Andrzej Iwan
Adam Nawałka
Zdzisław Kapka
Mauro Cantoro
Mirosław Szymkowiak
Marcin Baszczyński
Rafał Boguski
Kalu Uche
Radosław Kałużny
Kazimierz Moskal
Kamil Kosowski
Tomasz Kulawik
Grzegorz Lato
Roman Wójcicki
Władysław Żmuda
Grzegorz Rasiak
Wojciech Kowalczyk
Jacek Bąk
Grzegorz Krychowiak
Robert Lewandowski
Kamil Grosicki
Jerzy Gorgoń
Ernest Wilimowski
Paweł Janas
Jacek Ziober
Jan Urban
Henryk Kasperczak
Zbigniew Boniek
Manuel Arboleda
Sebastian Mila
Łukasz Piszczek
Jerzy Brzęczek
Emanuel Olisadebe
Sylwester Czereszewski
Mirosław Trzeciak
Jacek Krzynówek
Ireneusz Jeleń
 
Statystyki odpowiedzi
Odpowiedź % Poprawnych
Jakub Błaszczykowski
63%
Paweł Brożek
59%
Kamil Kosowski
57%
Maciej Żurawski
57%
Arkadiusz Głowacki
56%
Kalu Uche
56%
Rafał Boguski
56%
Tomasz Frankowski
56%
Marcin Baszczyński
55%
Henryk Reyman
54%
Radosław Sobolewski
53%
Kazimierz Moskal
51%
Mirosław Szymkowiak
47%
Kazimierz Kmiecik
46%
Adam Nawałka
44%
Mauro Cantoro
44%
Andrzej Iwan
39%
Tomasz Kulawik
36%
Adam Musiał
30%
Radosław Kałużny
29%
Zdzisław Kapka
29%
Antoni Szymanowski
25%
Marek Motyka
22%
Leszek Lipka
14%
Piotr Skrobowski
12%
Nie znaleziono quizów pasujących do podanych kryteriów
Rozkład punktacji
Procent ludzi z każdym wynikiem
Percentyl według liczby udzielonych odpowiedzi
Twoja historia wyników
Nie rozwiązałeś tego quizu od ostatniego zresetowania